[Event "Klub Kölner SF 1 -Porz 2"]
[Site "Köln"]
[Date "2013.11.17"]
[Round "3.1"]
[White "Miedema, David"]
[Black "Tugui, Adrian"]
[Result "1/2-1/2"]
[WhiteElo "2393"]
[BlackElo "2389"]
[PlyCount "59"]
[EventDate "2013.??.??"]
[WhiteTeam "SG Porz 2"]
[BlackTeam "Klub Kölner SF"]

1. d4 Nf6 2. c4 e6 3. Nc3 Bb4 4. e3 O-O 5. Bd3 d5 6. Nf3 c5 7. O-O cxd4 8. exd4
dxc4 9. Bxc4 b6 10. Ne5 Bb7 11. Bg5 Be7 12. Qd2 Nc6 13. Rad1 Nd5 14. Ne4 Na5
15. Bxe7 Nxc4 16. Nxc4 Nxe7 17. Rfe1 Qd5 18. b3 h6 19. f3 Rfd8 20. Qf4 Ng6 21.
Qg3 Kh7 22. h4 Rd7 23. Ne3 Qh5 24. d5 Bxd5 25. Ng4 Qf5 26. h5 Nf4 27. Ne3 Qe5
28. Ng4 Qf5 29. Ne3 Qe5 30. Ng4 1/2-1/2

[Event "Klub Kölner SF 1- Porz 2"]
[Site "Köln"]
[Date "2013.11.17"]
[Round "3.2"]
[White "Morawietz, Dieter"]
[Black "Kipper, Jens"]
[Result "1/2-1/2"]
[WhiteElo "2392"]
[BlackElo "2376"]
[PlyCount "132"]
[EventDate "2013.??.??"]
[WhiteTeam "Klub Kölner SF"]
[BlackTeam "SG Porz 2"]

1. e4 e6 2. d4 d5 3. Nc3 Nf6 4. e5 Nfd7 5. f4 c5 6. Nf3 Qb6 7. Be3 a6 8. Na4
Qa5+ 9. c3 cxd4 10. b4 Qc7 11. Qxd4 Be7 12. Qd2 Nc6 13. Bd3 b5 14. Nb2 a5 15.
O-O axb4 16. Rfc1 Qb7 17. cxb4 Bxb4 18. Qe2 Ra3 19. Nd1 Ndb8 20. Rab1 Bd7 21.
Bxb5 O-O 22. Bd3 h6 23. Nf2 Qa8 24. Rc2 Be7 25. Bc1 Ra7 26. Be3 Rb7 27. Rxb7
Qxb7 28. Rb2 Qa8 29. Bb1 Nb4 30. Nd4 N8c6 31. Nxc6 Bxc6 32. Nd3 Bb5 33. Qd2
Bxd3 34. Bxd3 Nxd3 35. Qxd3 Qa5 36. Qd2 Qxd2 37. Bxd2 f6 38. exf6 Bxf6 39. Rc2
Bd4+ 40. Kf1 e5 41. Ke2 e4 42. Be3 Bf6 43. Rd2 Ra8 44. g4 Ra5 45. a4 Kf7 46.
Bb6 Rxa4 47. Rxd5 Ra2+ 48. Ke3 Rxh2 49. Kxe4 Rb2 50. Bc5 Ra2 51. Rd7+ Ke6 52.
Rb7 Ra4+ 53. Kf3 Rc4 54. Bf8 Rc3+ 55. Ke4 Rc4+ 56. Ke3 Rc3+ 57. Kd2 Rg3 58.
Bxg7 Bxg7 59. Rxg7 Kf6 60. Ra7 Rxg4 61. Ke3 Rg1 62. Ra6+ Kf5 63. Rxh6 Rg3+ 64.
Kf2 Kxf4 65. Rf6+ Ke5 66. Kxg3 Kxf6 1/2-1/2

[Event "Klub Kölner SF 1- Porz 2"]
[Site "Köln"]
[Date "2013.11.17"]
[Round "3.3"]
[White "Korotkjevich, Stanislav"]
[Black "Helbig, Mark"]
[Result "1-0"]
[WhiteElo "2389"]
[BlackElo "2283"]
[PlyCount "77"]
[EventDate "2013.??.??"]
[WhiteTeam "SG Porz 2"]
[BlackTeam "Klub Kölner SF"]

1. Nf3 Nf6 2. c4 g6 3. Nc3 Bg7 4. d4 O-O 5. Bg5 d6 6. e3 Nbd7 7. Be2 h6 8. Bh4
g5 9. Bg3 Nh5 10. Qc2 e6 11. Nd2 Nxg3 12. hxg3 f5 13. O-O-O a6 14. f4 b5 15.
cxb5 axb5 16. Bxb5 Nf6 17. Nb3 Bb7 18. Bc4 Qe7 19. a3 c5 20. dxc5 d5 21. Bb5
Rfc8 22. Kb1 g4 23. Rc1 Bc6 24. Bd3 Nd7 25. Nb5 Rab8 26. a4 Qf6 27. N3d4 Bxb5
28. Bxb5 Qe7 29. b4 Nb6 30. Qb3 Nc4 31. Bxc4 dxc4 32. Rxc4 Kh7 33. Rd1 Qf6 34.
Qc2 Kh8 35. b5 e5 36. Nxf5 exf4 37. Nxg7 fxe3 38. Nh5 Qf7 39. Qc3+ 1-0

[Event "Klub Kölner SF 1- Porz 2"]
[Site "Köln"]
[Date "2013.11.17"]
[Round "3.4"]
[White "Zuse, Peter"]
[Black "Gallinnis, Norbert"]
[Result "1/2-1/2"]
[WhiteElo "2263"]
[BlackElo "2312"]
[PlyCount "87"]
[EventDate "2013.??.??"]
[WhiteTeam "Klub Kölner SF"]
[BlackTeam "SG Porz 2"]

1. d4 Nf6 2. c4 c5 3. d5 e6 4. Nc3 exd5 5. cxd5 d6 6. e4 g6 7. Nf3 Bg7 8. Be2
O-O 9. O-O b6 10. Re1 Na6 11. Bf4 Nh5 12. Bg5 Bf6 13. Be3 Nc7 14. Nd2 Ng7 15.
Qc2 Qd7 16. a3 Bd8 17. Bf4 f5 18. e5 dxe5 19. Bxe5 Bf6 20. Nf3 Bb7 21. Rad1
Bxe5 22. Nxe5 Qd6 23. Nc4 Qf6 24. Qb3 Kh8 25. Na5 Rab8 26. Nxb7 Rxb7 27. Bf3
Qd6 28. Re6 Qd8 29. Re2 Nce8 30. Rde1 Nd6 31. Nb5 Kg8 32. Nxd6 Qxd6 33. Re7
Rxe7 34. Rxe7 Re8 35. Rxe8+ Nxe8 36. Qa4 Qe7 37. g3 Nd6 38. h4 Kf7 39. Kg2 Kg7
40. Qf4 Qf6 41. Qa4 Qe7 42. Qf4 Qf6 43. Qa4 Qe7 44. Qf4 1/2-1/2

[Event "Klub Kölner SF 1- Porz 2"]
[Site "Köln"]
[Date "2013.11.17"]
[Round "3.5"]
[White "Peschlow, Patrick"]
[Black "Bonnmann, Reinhard"]
[Result "1-0"]
[WhiteElo "2328"]
[BlackElo "2242"]
[PlyCount "71"]
[EventDate "2013.??.??"]
[WhiteTeam "SG Poez 2"]
[BlackTeam "Klub KölnerSF"]

1. e4 c5 2. Nc3 Nc6 3. Bb5 g6 4. Bxc6 bxc6 5. d3 d5 6. e5 Bg7 7. f4 Nh6 8. Nf3
O-O 9. O-O f6 10. Na4 fxe5 11. fxe5 Ng4 12. d4 cxd4 13. Qxd4 Rxf3 14. gxf3 Nxe5
15. Qh4 d4 16. Bf4 Bf5 17. Nc5 Qd5 18. Bxe5 Bxe5 19. Ne4 Re8 20. Rae1 Bg7 21.
b3 e6 22. Rf2 Rf8 23. Kg2 Qa5 24. Ree2 h5 25. Ng3 Bf6 26. Qf4 g5 27. Qd6 Qd5
28. Qxd5 cxd5 29. Nxf5 exf5 30. Re6 Kf7 31. Ra6 d3 32. Rxa7+ Kg6 33. cxd3 Rc8
34. Rd7 g4 35. fxg4 fxg4 36. Rd6 1-0

[Event "Klub Kölner SF 1- Porz 2"]
[Site "Köln"]
[Date "2013.11.17"]
[Round "3.6"]
[White "Wisskirchen, Andreas"]
[Black "Wagenknecht, Uwe"]
[Result "1/2-1/2"]
[WhiteElo "2227"]
[BlackElo "2210"]
[PlyCount "60"]
[EventDate "2013.??.??"]
[WhiteTeam "Klub Kölner SF"]
[BlackTeam "SG Porz 2"]

1. d4 Nf6 2. Nf3 g6 3. c4 Bg7 4. Nc3 O-O 5. e4 d6 6. Be2 e5 7. O-O Nc6 8. Be3
Ng4 9. Bg5 f6 10. Bh4 g5 11. Bg3 Nh6 12. dxe5 fxe5 13. Nd5 g4 14. Ne1 Nd4 15.
Nc2 Nxe2+ 16. Qxe2 c6 17. Nde3 Be6 18. Rad1 Qe7 19. Rd3 Rad8 20. Rfd1 Nf7 21.
Nf5 Bxf5 22. exf5 Qg5 23. Qe3 Qxf5 24. Qxa7 Qd7 25. Qe3 Qe6 26. Bh4 Rd7 27. Qe4
h5 28. Ne3 Nh6 29. Bg5 Nf7 30. Bh4 Nh6 1/2-1/2

[Event "Klub Kölner SF 1- Porz 2"]
[Site "Köln"]
[Date "2013.11.17"]
[Round "3.7"]
[White "Xu, Xianliang"]
[Black "Meertens, Martin"]
[Result "0-1"]
[WhiteElo "2084"]
[BlackElo "2174"]
[PlyCount "79"]
[EventDate "2013.??.??"]
[WhiteTeam "SG Porz 2"]
[BlackTeam "Klub Kölner SF"]

1. e4 c5 2. c3 Nf6 3. e5 Nd5 4. d4 cxd4 5. Nf3 Nc6 6. cxd4 d6 7. Bc4 e6 8. O-O
Be7 9. Qe2 Nb6 10. Bd3 dxe5 11. dxe5 Nd4 12. Nxd4 Qxd4 13. Rd1 Qh4 14. Bb5+ Nd7
15. Be3 a6 16. Rd4 Qxd4 17. Bxd4 axb5 18. Qxb5 O-O 19. Nc3 Nb8 20. Ne4 Nc6 21.
Bc3 Rd8 22. Qe2 Rd5 23. f4 b5 24. Be1 Nd4 25. Qg4 Kf8 26. Bh4 Bb4 27. Ng5 Bc5
28. Nxh7+ Ke8 29. Bf2 Nf5 30. Bxc5 Rxc5 31. Rd1 Bb7 32. Nf6+ Ke7 33. Rd7+ Kf8
34. Rxb7 Rc1+ 35. Kf2 Rac8 36. Nd7+ Ke8 37. Nf6+ Kf8 38. Nh7+ Ke8 39. Rxb5
R8c2+ 40. Qe2 {ZÜ} 0-1

[Event "Klub Kölner SF 1- Porz 2"]
[Site "Köln"]
[Date "2013.11.17"]
[Round "3.8"]
[White "Ludwig, Peter"]
[Black "Pauly, Carlo"]
[Result "1/2-1/2"]
[WhiteElo "2243"]
[BlackElo "2100"]
[PlyCount "114"]
[EventDate "2013.??.??"]
[WhiteTeam "Klub Köölner SF"]
[BlackTeam "SG Porz 2"]

1. Nf3 c5 2. c4 b6 3. g3 Bb7 4. Bg2 Nf6 5. Nc3 e6 6. O-O Be7 7. d4 cxd4 8. Qxd4
O-O 9. e4 d6 10. b3 Nbd7 11. Qe3 Qc8 12. Bb2 Nc5 13. Nd4 g6 14. Rad1 e5 15. Nc2
a6 16. Nb4 b5 17. cxb5 axb5 18. Rd2 Na6 19. Nxa6 Bxa6 20. Rc1 Qb7 21. b4 Rac8
22. Bh3 Rc4 23. Bf1 Rc7 24. Nd5 Nxd5 25. Rxd5 Rfc8 26. Rxc7 Rxc7 27. Bd3 Qc8
28. Qe2 Bb7 29. Rxb5 Ba6 30. Rd5 Bxd3 31. Rxd3 Rc2 32. Rd2 Rxd2 33. Qxd2 Qc4
34. a4 Qxe4 35. Qc3 h5 36. h4 g5 37. hxg5 Bxg5 38. a5 h4 39. a6 Qb1+ 40. Kh2
Qf1 41. Qf3 Qxa6 42. Qg4 hxg3+ 43. Qxg3 f6 44. Bc1 Qb6 45. Bxg5 fxg5 46. Qxg5+
Kf7 47. Qh5+ Ke6 48. Qg4+ Kd5 49. f3 Qe3 50. Kg3 Qe1+ 51. Kg2 Qd2+ 52. Kh3 Qh6+
53. Kg3 Kc6 54. Qc4+ Kb6 55. Kg4 Qg6+ 56. Kh4 Qf6+ 57. Kg4 Qg6+ 1/2-1/2

[Event "SG Solingen 2 - SV Dinslaken 1"]
[Site "Oberliga NRW 2013/2014"]
[Date "2013.11.17"]
[Round "3.1"]
[White "Trella, Thomas"]
[Black "Wegerle, Joerg"]
[Result "0-1"]
[WhiteElo "2375"]
[BlackElo "2407"]
[PlyCount "70"]
[EventDate "2013.??.??"]
[WhiteTeam "SV Dinslaken 1"]
[BlackTeam "SG Solingen 2"]

1. Nf3 Nf6 2. c4 e6 3. g3 d5 4. Bg2 Be7 5. d4 O-O 6. Qc2 Na6 7. a3 c5 8. dxc5
Nxc5 9. b4 Nce4 10. O-O a5 11. bxa5 Qxa5 12. cxd5 exd5 13. Nbd2 Bd7 14. Nd4
Rfc8 15. Qd3 Rxc1 16. Rfxc1 Nxd2 17. Ra2 Nde4 18. e3 Nc5 19. Qc3 g6 20. Bf1
Nfe4 21. Qxa5 Rxa5 22. f3 Ng5 23. Kf2 Nge6 24. Rb1 Bf6 25. Nb5 d4 26. Bc4 dxe3+
27. Kxe3 Bc6 28. Be2 Kg7 29. Rb4 Be7 30. Rb1 Nd7 31. Bc4 Bc5+ 32. Kd3 Ne5+ 33.
Kc3 Nxc4 34. Kxc4 Bxf3 35. a4 Bc6 0-1

[Event "SG Solingen 2 - SV Dinslaken 1"]
[Site "Oberliga NRW 2013/2014"]
[Date "2013.11.17"]
[Round "3.2"]
[White "Schaefer, Markus"]
[Black "Sielecki, Christof"]
[Result "1/2-1/2"]
[WhiteElo "2383"]
[BlackElo "2380"]
[Annotator "Doe,John"]
[PlyCount "63"]
[EventDate "2013.??.??"]
[WhiteTeam "SG Solingen 2"]
[BlackTeam "SV Dinslaken 1"]

1. e4 c6 2. d4 d5 3. Nc3 dxe4 4. Nxe4 Bf5 5. Nc5 e5 6. Nb3 Nd7 7. Ne2 Ngf6 8.
dxe5 Nxe5 9. Qxd8+ Rxd8 10. Ned4 Be4 11. f3 Bd5 12. Bg5 Bxb3 13. Nxb3 Be7 14.
Bd2 O-O 15. O-O-O Nd5 16. Re1 Bf6 17. Nc5 b6 18. Ne4 Bh4 19. Ng3 Ng6 $11 20.
Re4 h6 21. Nf5 Bg5 22. Bxg5 hxg5 23. h4 gxh4 24. Nxh4 Nxh4 25. Rexh4 g6 26. Bd3
Nf6 27. Re1 Rfe8 28. Rxe8+ Nxe8 29. Kd2 Nd6 30. b4 Kg7 31. a4 a5 32. c3 1/2-1/2

[Event "SG Solingen 2 - SV Dinslaken 1"]
[Site "Oberliga NRW 2013/2014"]
[Date "2013.11.17"]
[Round "3.3"]
[White "Kern, Guido"]
[Black "Michalczak, Thomas"]
[Result "0-1"]
[WhiteElo "2259"]
[BlackElo "2304"]
[PlyCount "88"]
[EventDate "2013.??.??"]
[WhiteTeam "SV Dinslaken 1"]
[BlackTeam "SG Solingen 2"]

1. c4 e6 2. g3 d5 3. Bg2 Nf6 4. Nf3 Be7 5. d4 O-O 6. Qc2 c5 7. dxc5 Qa5+ 8.
Nbd2 Qxc5 9. a3 dxc4 10. Qxc4 Qh5 11. h3 Nc6 12. b4 Bd7 13. g4 Qd5 14. Bb2 Rac8
15. Qxd5 Nxd5 16. e3 Rfd8 17. O-O Nb6 18. Ra2 e5 19. Ba1 f6 20. Rc1 Nxb4 21.
Rxc8 Nxa2 22. Rxd8+ Bxd8 23. Ne1 Bc6 24. Bxc6 bxc6 25. Nc2 Kf7 26. Kf1 Ke6 27.
e4 Be7 28. f3 Kd6 29. Nb3 c5 30. Ke2 c4 31. Nd2 Nc1+ 32. Ke3 Kc6 33. Nb1 Bc5+
34. Kd2 Nb3+ 35. Kd1 Na4 36. Bc3 Nd4 37. Ne3 Kb5 38. Nd5 Nxf3 39. Nc7+ Kc6 40.
Ne6 g6 41. Bb4 Bxb4 42. axb4 Kb5 43. Nc7+ Kxb4 44. Nd5+ Kb3 0-1

[Event "SG Solingen 2 - SV Dinslaken 1"]
[Site "Oberliga NRW 2013/2014"]
[Date "2013.11.17"]
[Round "3.4"]
[White "Berg, Michael"]
[Black "Mundorf, Johannes"]
[Result "0-1"]
[WhiteElo "2282"]
[BlackElo "2200"]
[PlyCount "90"]
[EventDate "2013.??.??"]
[WhiteTeam "SG Solingen 2"]
[BlackTeam "SV Dinslaken 1"]

1. d4 e6 2. c4 Bb4+ 3. Bd2 a5 4. Nf3 d6 5. g3 Nc6 6. d5 Nce7 7. dxe6 Bxe6 8. e4
Nf6 9. Ng5 Bd7 10. Nc3 h6 11. Nh3 O-O 12. f3 Re8 13. Nf2 Bc5 14. Be2 c6 15. Qc2
b5 16. Ncd1 Ng6 17. Be3 Bb4+ 18. Kf1 d5 19. c5 a4 20. a3 Ba5 21. Bd4 dxe4 22.
Bxf6 Qxf6 23. Nxe4 Rxe4 24. Qxe4 Re8 25. Qd3 Bh3+ 26. Kf2 Nf4 27. gxf4 Qh4+ 28.
Kg1 Rd8 29. Nf2 Rxd3 30. Bxd3 Be6 31. f5 Qg5+ 32. Kf1 Bxf5 33. Rd1 Bxd3+ 34.
Nxd3 Qe3 35. Kg2 Qe2+ 36. Kg3 Bc7+ 37. f4 Qe3+ 38. Kg2 Qe4+ 39. Kf2 Bxf4 40.
Rhe1 Qc4 41. Kg2 Bg5 42. h3 Bf6 43. Re8+ Kh7 44. Kf3 Qd5+ 45. Kg3 Qh5 0-1

[Event "SG Solingen 2 - SV Dinslaken 1"]
[Site "Oberliga NRW 2013/2014"]
[Date "2013.11.17"]
[Round "3.5"]
[White "Ossig, Rainer"]
[Black "Gupta, Milon"]
[Result "0-1"]
[WhiteElo "2104"]
[BlackElo "2236"]
[PlyCount "108"]
[EventDate "2013.??.??"]
[WhiteTeam "SV Dinslaken 1"]
[BlackTeam "SG Solingen 2"]

1. Nf3 Nf6 2. g3 g6 3. b3 Bg7 4. Bb2 O-O 5. Bg2 c5 6. c4 Nc6 7. O-O d6 8. d4
cxd4 9. Nxd4 Bd7 10. Nc3 Qa5 11. Nc2 Rac8 12. Qd2 Qh5 13. e4 Bh3 14. f3 Bxg2
15. Kxg2 a6 16. Rab1 Qa5 17. Rfd1 b5 18. cxb5 axb5 19. a4 bxa4 20. Nxa4 Qb5 21.
Nd4 Nxd4 22. Bxd4 Rc6 23. Nc3 Qb7 24. Bxf6 Bxf6 25. Nd5 Bg7 26. Rdc1 Rxc1 27.
Qxc1 e6 28. Ne3 d5 29. exd5 exd5 30. Qd2 d4 31. Nc4 Qd5 32. Qd3 Re8 33. Rd1 Rb8
34. Re1 Qb5 35. Rb1 h5 36. h4 Bf6 37. Kf2 Kg7 38. Kg2 Qb4 39. Kf2 Ra8 40. Qd2
Qc5 41. Qd3 Qb5 42. Rb2 Qb4 43. Rc2 Re8 44. Re2 Rb8 45. Qe4 Qc5 46. Qd3 Qb4 47.
Qe4 Rd8 48. Qd3 Qc3 49. Qd1 Rb8 50. Nd6 d3 51. Ne8+ Kh8 52. Re4 Bd4+ 53. Kf1
Qc2 54. Qxc2 dxc2 0-1

[Event "SG Solingen 2 - SV Dinslaken 1"]
[Site "Oberliga NRW 2013/2014"]
[Date "2013.11.17"]
[Round "3.6"]
[White "Hubert, Ralf"]
[Black "Neuer, Thomas"]
[Result "1-0"]
[WhiteElo "2242"]
[BlackElo "2062"]
[Annotator "Doe,John"]
[PlyCount "205"]
[EventDate "2013.??.??"]
[WhiteTeam "SG Solingen 2"]
[BlackTeam "SV Dinslaken 1"]

1. d4 e6 2. c4 Bb4+ 3. Nd2 c5 4. e3 Nf6 5. Ngf3 O-O 6. a3 Bxd2+ 7. Bxd2 b6 8.
Be2 Bb7 9. b4 d6 10. O-O Nbd7 11. Qa4 Qe7 12. Rfd1 Ne4 13. Be1 Rfd8 14. Rac1 e5
15. Qc2 Ndf6 16. bxc5 bxc5 17. dxe5 dxe5 18. Qb2 Bc6 19. Qxe5 Qxe5 20. Nxe5 Ba4
21. Rxd8+ Rxd8 22. Nd3 Nd7 23. f3 Nd6 24. Bg3 Nf5 25. Bf2 Nd6 26. e4 Nb7 27.
Kf1 f6 28. Ke1 Kf7 29. Kd2 Ne5 30. Kc3 Nxd3 31. Bxd3 g6 32. Bc2 Bc6 33. Rb1 Rd7
34. h4 h5 35. Bg3 Rd8 36. e5 f5 37. Bf2 Ke6 38. Re1 Rd7 39. Bd1 Rf7 40. f4 Rc7
41. Re3 Rd7 42. Be2 Rd8 43. Rg3 Kf7 44. Rg5 Be4 45. Be3 a6 46. Rg3 Rb8 47. Bf3
Bxf3 48. Rxf3 Ke6 49. Rf1 Kd7 $11 50. Kc2 Kc6 51. Bd2 Re8 52. Bc3 Re7 53. Rb1
Re6 54. Re1 Kd7 55. Kb3 Kc7 56. Ka4 Kc8 57. Ba5 Kb8 58. Rd1 Kc8 59. Rd3 Rc6 60.
Rd5 Re6 61. Be1 Kc7 62. Ba5+ Kc8 63. Rd1 Re7 64. Bb6 Re6 65. Ba7 Kc7 66. Rd5
Kc6 67. Bb8 Re8 68. Bd6 Rg8 69. Be7 Rg7 70. Bd6 Rg8 $11 71. Rd3 Rd8 72. Rg3 Rg8
73. Be7 Kd7 74. Bf6 Kc6 75. Kb3 Kd7 76. Kc3 Kc6 77. Kc2 Na5 78. Rd3 Nb7 79. Kd2
Re8 80. Rg3 Rg8 81. a4 Kc7 82. Ke2 Kc6 83. Rd3 Re8 84. Kf2 Rg8 85. Kf1 Re8 86.
Rg3 Rg8 87. Ke2 Kd7 88. Kd3 Kc6 89. Kc3 Kc7 90. a5 Nxa5 91. e6 Nc6 92. Rd3 Nd4
93. Bxd4 cxd4+ 94. Kxd4 Rd8+ 95. Kc3 Rxd3+ 96. Kxd3 Kd6 97. Kd4 a5 98. e7 Kxe7
99. Kc5 Ke6 100. Kb5 Kd6 101. c5+ Kd5 102. c6 Kd6 103. Kb6 1-0

[Event "SG Solingen 2 - SV Dinslaken 1"]
[Site "Oberliga NRW 2013/2014"]
[Date "2013.11.17"]
[Round "3.7"]
[White "Cebulla, Konstantin"]
[Black "Scheffner, Axel"]
[Result "1/2-1/2"]
[WhiteElo "2079"]
[BlackElo "2158"]
[PlyCount "196"]
[EventDate "2013.??.??"]
[WhiteTeam "SV Dinslaken 1"]
[BlackTeam "SG Solingen 2"]

1. d4 d5 2. Nf3 Nf6 3. c4 c6 4. e3 a6 5. Bd3 Bg4 6. Nbd2 e6 7. O-O Be7 8. b3
O-O 9. Bb2 Nbd7 10. Qc2 Bh5 11. Ne5 Bg6 12. Nxg6 hxg6 13. e4 dxe4 14. Nxe4 Qc7
15. Rad1 Rfd8 16. Rfe1 Rac8 17. Ng5 Ng4 18. Nf3 Nh6 19. Qe2 Bf6 20. Bb1 Qa5 21.
Nd2 c5 22. Ne4 Bxd4 23. Bxd4 cxd4 24. Nd6 Rc7 25. Rxd4 Rf8 26. Red1 Nf6 27. h3
Nf5 28. R4d2 Qb6 29. Qf3 Nxd6 30. Rxd6 Qc5 31. R6d2 Re8 32. Qf4 Rce7 33. Qd6
Qg5 34. Kf1 e5 35. Qc5 Qf4 36. Kg1 g5 37. g3 Qf3 38. Bd3 g4 39. Be2 Qf5 40.
hxg4 Nxg4 41. Rd8 Qe6 42. R1d6 Qf5 43. Rd5 Re6 44. Rxe8+ Rxe8 45. Bxg4 Qxg4 46.
Rxe5 Rd8 47. Qe3 Qd1+ 48. Kg2 Rf8 49. Re8 Qd6 50. Qe4 Qd7 51. Re7 Qd2 52. a4 b6
53. Rb7 Qd6 54. Qd5 Qf6 55. Rd7 Qc3 56. Qf3 Qb4 57. Qe3 Rb8 58. Qf4 Rf8 59. Qe3
Rb8 60. Qe7 Qxe7 61. Rxe7 Kf8 62. Rc7 a5 63. Kf3 Rd8 64. Ke3 Rd6 65. c5 Re6+
66. Kd4 Rf6 67. cxb6 Rxb6 68. Kc4 Rf6 69. Kb5 Rf3 70. b4 axb4 71. Kxb4 Rxf2 72.
a5 Rb2+ 73. Ka3 Rb1 74. Rc3 Ke7 75. Ka4 Kd6 76. a6 Ra1+ 77. Kb5 f5 78. Kb6 Rb1+
79. Ka5 Ra1+ 80. Kb5 Rb1+ 81. Ka5 Ra1+ 82. Kb6 Rb1+ 83. Ka7 g5 84. Rc8 f4 85.
gxf4 gxf4 86. Rb8 Ra1 87. Rb5 Kc6 88. Rf5 Ra4 89. Rf7 Kd5 90. Kb6 Ke4 91. Re7+
Kd4 92. Rd7+ Ke4 93. Re7+ Kd4 94. Rh7 Ke3 95. Rh4 Rxa6+ 96. Kxa6 f3 97. Rh3 Ke2
98. Rxf3 Kxf3 1/2-1/2

[Event "SG Solingen 2 - SV Dinslaken 1"]
[Site "Oberliga NRW 2013/2014"]
[Date "2013.11.17"]
[Round "3.8"]
[White "Schlecht, Daniel"]
[Black "Walter, Andreas"]
[Result "1-0"]
[WhiteElo "2290"]
[BlackElo "2030"]
[PlyCount "77"]
[EventDate "2013.??.??"]
[WhiteTeam "SG Solingen 2"]
[BlackTeam "SV Dinslaken 1"]

1. d4 d5 2. c4 c6 3. Nf3 Nf6 4. Nc3 e6 5. e3 Nbd7 6. Bd3 dxc4 7. Bxc4 b5 8. Bd3
Bd6 9. O-O O-O 10. a3 Bb7 11. Bd2 a5 12. Qc2 b4 13. Na4 c5 14. axb4 cxb4 15. e4
Rc8 16. Qb1 e5 17. d5 Re8 18. Bg5 h6 19. Bh4 g5 20. Bg3 Nh5 21. Bb5 Rc7 22. Nd2
Re7 23. Nc4 Nc5 24. Nxa5 Nxa4 25. Rxa4 Rc5 26. Nxb7 Rxb7 27. Bc6 Rb8 28. Qd1
Nxg3 29. fxg3 Qb6 30. Kh1 Rxc6 31. dxc6 Qxc6 32. Ra7 Rf8 33. Qb3 Bc7 34. Qxb4
Rb8 35. Qe7 Qc4 36. Rfa1 Rc8 37. b3 Qd4 38. Rf1 Qxa7 39. Qxf7+ 1-0

[Event "SV Erkenschwick 1 - SV Castrop-Rauxel 1"]
[Site "Oberliga NRW 2013/2014"]
[Date "2013.11.17"]
[Round "3.1"]
[White "Van Eijk, Sander"]
[Black "Bitalzadeh, Ali"]
[Result "1-0"]
[WhiteElo "2364"]
[BlackElo "2428"]
[PlyCount "79"]
[EventDate "2013.??.??"]
[WhiteTeam "SV Castrop-Rauxel 1"]
[BlackTeam "SV Erkenschwick 1"]

1. e4 c5 2. Nf3 Nc6 3. d4 cxd4 4. Nxd4 Nf6 5. Nc3 d6 6. g3 Bg4 7. f3 Bd7 8. Be3
g6 9. Qd2 Bg7 10. O-O-O h5 11. h3 Rc8 12. f4 Qa5 13. Nb3 Qc7 14. Kb1 Be6 15.
Rc1 a6 16. Nd5 Bxd5 17. exd5 Nb8 18. Bd4 Nbd7 19. Bd3 Kf8 20. c4 Nc5 21. Nxc5
dxc5 22. Be5 Qd7 23. f5 g5 24. Qxg5 Bh6 25. Qh4 Rg8 26. Bxf6 Bxc1 27. Be5 Bg5
28. Qxh5 f6 29. Bc3 b5 30. Qf3 b4 31. Be1 Qd6 32. Bf2 a5 33. Bc2 a4 34. Bxa4
Ra8 35. Bc6 Ra5 36. h4 Bh6 37. Qh5 Bd2 38. Rd1 Be3 39. Bxe3 Rxg3 40. Qh8+ 1-0

[Event "SV Erkenschwick 1 - SV Castrop-Rauxel 1"]
[Site "Oberliga NRW 2013/2014"]
[Date "2013.11.17"]
[Round "3.2"]
[White "Erwich, Marc"]
[Black "Kartsev, Alexandr"]
[Result "1/2-1/2"]
[WhiteElo "2364"]
[BlackElo "2189"]
[PlyCount "78"]
[EventDate "2013.??.??"]
[WhiteTeam "SV Erkenschwick 1"]
[BlackTeam "SV Castrop-Rauxel 1"]

1. e4 c6 2. d4 d5 3. Nc3 dxe4 4. Nxe4 Bf5 5. Ng3 Bg6 6. Nf3 Nd7 7. h4 h6 8. h5
Bh7 9. Bd3 Bxd3 10. Qxd3 e6 11. Bd2 Ngf6 12. O-O-O Be7 13. Kb1 O-O 14. Ne4 Qc7
15. Nxf6+ Nxf6 16. g4 Nxg4 17. Rhg1 f5 18. Qe2 Rae8 19. Ne5 Nxe5 20. dxe5 f4
21. Rg6 Bg5 22. f3 Qb6 23. Bc1 Re7 24. Rd6 Rfe8 25. b3 Qg1 26. Rd1 Qc5 27. Qe4
Rf8 28. Rd6 Rfe8 29. Bxf4 Bxf4 30. Qxf4 Rf8 31. Qe4 Qf2 32. Rgxe6 Rxe6 33. Rxe6
Qxf3 34. Qxf3 Rxf3 35. Re7 Rf7 36. Re8+ Rf8 37. Re7 Rf7 38. Re8+ Rf8 39. Re7
Rf7 1/2-1/2

[Event "SV Erkenschwick 1 - SV Castrop-Rauxel 1"]
[Site "Oberliga NRW 2013/2014"]
[Date "2013.11.17"]
[Round "3.3"]
[White "Kartsev, Soel"]
[Black "Jens, Jelmer"]
[Result "1/2-1/2"]
[WhiteElo "2223"]
[BlackElo "2376"]
[PlyCount "79"]
[EventDate "2013.??.??"]
[WhiteTeam "SV Castrop-Rauxel 1"]
[BlackTeam "SV Erkenschwick 1"]

1. e4 e5 2. Nf3 Nc6 3. Bb5 a6 4. Ba4 Nf6 5. d3 b5 6. Bb3 Bc5 7. c3 O-O 8. O-O
d6 9. Bg5 Be6 10. Nbd2 h6 11. Bh4 Bb6 12. a4 Rb8 13. axb5 axb5 14. Bd5 Ne7 15.
Bxf6 gxf6 16. Nh4 Qd7 17. Qf3 f5 18. Nxf5 Bxf5 19. exf5 Nxd5 20. Qxd5 Qxf5 21.
Kh1 Qe6 22. Qf3 f5 23. Qh3 Rbe8 24. f4 Qg6 25. fxe5 dxe5 26. Rf3 Kh8 27. Raf1
f4 28. Qd7 Rg8 29. g3 c6 30. Ne4 Re6 31. Qb7 Be3 32. Kg2 Rd8 33. Rxe3 fxe3 34.
Qb6 Rxd3 35. Qb8+ Re8 36. Rf8+ Rxf8 37. Qxf8+ Qg8 38. Qxh6+ Qh7 39. Qf8+ Qg8
40. Qh6+ 1/2-1/2

[Event "SV Erkenschwick 1 - SV Castrop-Rauxel 1"]
[Site "Oberliga NRW 2013/2014"]
[Date "2013.11.17"]
[Round "3.4"]
[White "Erwich, Frank"]
[Black "Kusnetsov, Mark"]
[Result "1-0"]
[WhiteElo "2290"]
[BlackElo "2175"]
[Annotator "Doe,John"]
[PlyCount "63"]
[EventDate "2013.??.??"]
[WhiteTeam "SV Erkenschwick 1"]
[BlackTeam "SV Castrop-Rauxel 1"]

1. e4 e5 2. Nf3 Nc6 3. Bb5 a6 4. Ba4 Nf6 5. d3 b5 6. Bb3 Be7 7. O-O d6 8. a3
O-O 9. Nc3 Bg4 10. Be3 Nd4 11. Bxd4 exd4 12. Nd5 c6 13. Nxe7+ Qxe7 14. h3 Bh5
15. g4 Nxg4 16. hxg4 Bxg4 17. Kg2 Kh8 18. Rh1 h6 19. Qd2 Bxf3+ 20. Kxf3 f5 21.
e5 dxe5 22. Rae1 Rf6 $11 23. Ke2 c5 24. Kd1 Qc7 25. Qe2 Re8 26. Bd5 Rd6 27. Qh5
Re7 28. Bg2 Rf6 29. Bh3 Qc8 30. f4 Qc7 31. Bxf5 Rf8 32. Qg6 1-0

[Event "SV Erkenschwick 1 - SV Castrop-Rauxel 1"]
[Site "Oberliga NRW 2013/2014"]
[Date "2013.11.17"]
[Round "3.5"]
[White "Kaeding, Rainer"]
[Black "Homs, Guust"]
[Result "1/2-1/2"]
[WhiteElo "2109"]
[BlackElo "2174"]
[PlyCount "47"]
[EventDate "2013.??.??"]
[WhiteTeam "SV Castrop-Rauxel 1"]
[BlackTeam "SV Erkenschwick 1"]

1. e4 e5 2. Nf3 Nc6 3. Bc4 Bc5 4. c3 Nf6 5. d3 d6 6. Bb3 O-O 7. Bg5 Be6 8. Nbd2
Bxb3 9. Qxb3 Rb8 10. Nc4 h6 11. Bh4 Qe7 12. Ne3 Bxe3 13. fxe3 Qe6 14. Bxf6 Qxf6
15. O-O Qe6 16. Nh4 Qxb3 17. axb3 g6 18. b4 a6 19. Rf3 Rbd8 20. Raf1 Kg7 21.
Rg3 Kh7 22. Rgf3 Kg7 23. Rg3 Kh7 24. Rgf3 1/2-1/2

[Event "SV Erkenschwick 1 - SV Castrop-Rauxel 1"]
[Site "Oberliga NRW 2013/2014"]
[Date "2013.11.17"]
[Round "3.6"]
[White "Krings, Christoph"]
[Black "Hille, Ralph Ingo"]
[Result "1/2-1/2"]
[WhiteElo "2112"]
[BlackElo "2066"]
[PlyCount "81"]
[EventDate "2013.??.??"]
[WhiteTeam "SV Erkenschwick 1"]
[BlackTeam "SV Castrop-Rauxel 1"]

1. d4 g6 2. Nf3 Bg7 3. c4 b6 4. Nc3 Bb7 5. e4 e6 6. Be2 Ne7 7. d5 e5 8. O-O O-O
9. d6 cxd6 10. Qxd6 Nc8 11. Qd2 f5 12. Qc2 f4 13. b3 Nc6 14. Ba3 d6 15. Rfd1 a6
16. Rac1 g5 17. h3 h5 18. Rd3 g4 19. hxg4 hxg4 20. Nh2 Nd4 21. Qd1 f3 22. gxf3
gxf3 23. Nxf3 Ne7 24. Nxd4 exd4 25. Bg4 Bc8 26. Bxc8 Rxc8 27. Ne2 Nc6 28. Rg3
Qe7 29. f4 Qxe4 30. Qd3 Qxd3 31. Rxd3 Rce8 32. Rc2 Re6 33. b4 Rfe8 34. Kf1 Re3
35. Rcd2 R8e4 36. b5 axb5 37. cxb5 Na7 38. Rxe3 Rxe3 39. Bxd6 Nxb5 40. Be5 Bxe5
41. fxe5 1/2-1/2